Colombia anfibia : (Registro nro. 19516)
[ vista simple ]
| 000 -CABECERA | |
|---|---|
| Campo de control | 00847njm a2200205 a 4500 |
| 005 - FECHA Y HORA DE LA ULTIMA TRANSACCION | |
| Campo de control | 20200104041756.0 |
| 008 - ELEMENTOS DE LONGITUD FIJA—INFORMACION GENERAL | |
| Campo de control | 170531t2015 ck ||adgq|||| 00| spa d |
| 040 ## - FUENTE DE CATALOGACIÓN | |
| Agencia catalogadora original | CO-BoIAVH |
| Agencia transcriptora | CO-BoIAVH |
| 041 0# - IDIOMA | |
| Código de idioma para texto/pista de sonido o título separado | Español |
| 090 ## - CLASIFICACIÓN LOCAL | |
| Colección | MM- |
| 245 00 - MENCION DE TITULO | |
| Título | Colombia anfibia : |
| Parte restante del título | La música de los humedales / |
| Mención de responsabilidad | Instituto de Investigación de Recursos Biológicos Alexander von Humboldt |
| 257 ## - PAIS DE LA ENTIDAD PRODUCTORA DE FILMES DE ARCHIVO | |
| País de la entidad productora | Colombia |
| 264 #1 - Producción, Publicación, Distribución, Fabricación y Aviso de copyright | |
| Lugar de producción, publicación, etc | Bogotá (Colombia) : |
| Nombre del productor, editor, etc. | Instituto de Investigación de Recursos Biológicos Alexander von Humboldt, |
| Fecha de la producción, publicación, etc. | 2015. |
| 300 ## - DESCRIPCION FISICA | |
| Extensión | 1 disco de sonido (45 minutos) |
| Dimensiones | 12 cm. de diametro + |
| Material acompañante | 1 libro |
| 650 26 - ASIENTO SECUNDARIO DE MATERIA - TERMINO TEMATICO | |
| Término temático o nombre geográfico como elemento de entrada | Tierras húmedas |
| Subdivisión de forma | Música |
| 650 24 - ASIENTO SECUNDARIO DE MATERIA - TERMINO TEMATICO | |
| Término temático o nombre geográfico como elemento de entrada | Humedales |
| Subdivisión de forma | Música |
| 650 26 - ASIENTO SECUNDARIO DE MATERIA - TERMINO TEMATICO | |
| Término temático o nombre geográfico como elemento de entrada | Tierras húmedas |
| Subdivisión de forma | Historia |
| 710 2# - ASIENTO SECUNDARIO - NOMBRE CORPORATIVO | |
| Nombre corporativo o de jurisdicción como elemento de entrada | Instituto de Investigación de Recursos Biológicos Alexander von Humboldt |
| 942 ## - ELEMENTOS ADICIONALES (KOHA) | |
| Sistema de clasificación | Local |
| Tipo de ítem | CD-ROM |
| Withdrawn status | Lost status | Sistema de Clasificación | Damaged status | No para préstamo | Colección | Ubicación Permanente | Ubicación actual | Fecha de adquisición | Total Checkouts | Número topográfico | Inventario / Código de Barras | Date last seen | Date checked out | Ejemplar | Price effective from | Forma de adquisición | Tipo de material | Public note |
|---|---|---|---|---|---|---|---|---|---|---|---|---|---|---|---|---|---|---|
| Local | Audiovisual | Bogotá | Bogotá | 31/05/2017 | 1 | S-0016 | 041312 | 24/01/2018 | 23/01/2018 | Ej. 1 | 31/05/2017 | Institucional | CD-ROM | Incluye folleto adjunto de historias de las canciones (CID-041313). | ||||
| Local | Recursos electrónicos | Bogotá | Bogotá | 31/05/2017 | MM- | 041314 | 31/05/2017 | Ej. 2 | 31/05/2017 | Donación | CD-ROM | Incluye folleto adjunto de historias de las canciones (CID-041315). |